000 00764nam a2200253Ia 4500
003 OSt
005 20220923225531.0
006 a|||||r|||| 00| 0
007 ta
008 220922b |||||||| |||| 00| 0 urd d
024 _a270,591
037 _cTextual
040 _aARTS
_cARTS
_burd
041 _2urd
_aurd
082 _aO168,1M96,RO, 152M2
100 _aगोरखपुरी, फिराक
245 0 _aरूप
246 _aRūpa
260 _aदिल्ली
_b राजपाल एण्ड सन्स
_c1982
300 _a104पृ0
_ccm.
650 _aउर्दू साहित्य
942 _hO168,1M96,RO, 152M2
_cTEXL
_2CC
999 _c378896
_d378896